|
|
|
|
| LEADER |
00000cam a2200000Mu 4500 |
| 001 |
EBOOKCENTRAL_on1202463667 |
| 003 |
OCoLC |
| 005 |
20240329122006.0 |
| 006 |
m o d |
| 007 |
cr ||||||||||| |
| 008 |
201031s2020 au o ||| 0 eng d |
| 040 |
|
|
|a EBLCP
|b eng
|c EBLCP
|d OCLCO
|d EBLCP
|d SFB
|d OCLCF
|d OCLCQ
|d OCLCO
|
| 020 |
|
|
|a 9789201116208
|
| 020 |
|
|
|a 9201116209
|
| 029 |
1 |
|
|a AU@
|b 000073109194
|
| 035 |
|
|
|a (OCoLC)1202463667
|
| 050 |
|
4 |
|a Z6033.P85
|b .I243 2020
|
| 082 |
0 |
4 |
|a 016.62215
|2 23
|
| 049 |
|
|
|a UAMI
|
| 100 |
1 |
|
|a IAEA.
|
| 245 |
1 |
0 |
|a World Uranium Geology, Exploration, Resources and Production
|h [electronic resource].
|
| 260 |
|
|
|a Vienna :
|b IAEA,
|c 2020.
|
| 300 |
|
|
|a 1 online resource (988 p.).
|
| 490 |
1 |
|
|a Non-serial Publication
|
| 500 |
|
|
|a Description based upon print version of record.
|
| 505 |
0 |
|
|a Intro -- Blank Page -- Blank Page
|
| 590 |
|
|
|a ProQuest Ebook Central
|b Ebook Central Academic Complete
|
| 650 |
|
0 |
|a Uranium ores
|x Geology.
|
| 650 |
|
0 |
|a Uranium mines and mining.
|
| 650 |
|
0 |
|a Prospecting.
|
| 650 |
|
6 |
|a Uranium
|x Gisements
|x Géologie.
|
| 650 |
|
6 |
|a Uranium
|x Mines et extraction.
|
| 650 |
|
6 |
|a Prospection.
|
| 650 |
|
7 |
|a prospecting.
|2 aat
|
| 650 |
|
7 |
|a Prospecting
|2 fast
|
| 650 |
|
7 |
|a Uranium mines and mining
|2 fast
|
| 650 |
|
7 |
|a Uranium ores
|x Geology
|2 fast
|
| 776 |
0 |
8 |
|i Print version:
|a IAEA
|t World Uranium Geology, Exploration, Resources and Production
|d Vienna : IAEA,c2020
|z 9789201115201
|
| 830 |
|
0 |
|a Non-serial publication.
|
| 856 |
4 |
0 |
|u https://ebookcentral.uam.elogim.com/lib/uam-ebooks/detail.action?docID=6358645
|z Texto completo
|
| 938 |
|
|
|a ProQuest Ebook Central
|b EBLB
|n EBL6358645
|
| 994 |
|
|
|a 92
|b IZTAP
|